[Event "GER-ch U25 op-B"]
[Site "Willingen"]
[Date "2015.05.30"]
[Round "9"]
[White "Prudlik, Finn Olmse"]
[Black "Reyher, Bastian"]
[Result "0-1"]
[WhiteElo "948"]
[BlackElo "883"]
[PlyCount "70"]
[EventDate "2015.05.24"]
[EventType "swiss"]
[EventRounds "9"]
[EventCountry "GER"]
[SourceTitle "CBM 166 Extra"]
[Source "ChessBase"]
[SourceDate "2015.06.18"]
[SourceVersion "1"]
[SourceVersionDate "2015.06.18"]
[SourceQuality "1"]

1. e4 e5 2. Nf3 Nc6 3. Bc4 Bc5 4. b4 Bxb4 5. c3 Ba5 6. d4 Nf6 7. 0-0 Nxe4 8. Re1 Nxc3 9. Qd3 Nxb1 10. Rd1 Nc3 11. Qf5 0-0 12. Bd3 g6 13. Qg4 Nxd1 14. Bg5 d6 15. Qg3 Qe8 16. Rxd1 exd4 17. Bh6 Nb4 18. Re1 Be6 19. Be2 Nxa2 20. Qg5 f6 21. Qg3 Bxe1 22. Bxf8 Qxf8 23. Nxe1 Re8 24. Bb5 Bd7 25. f3 Bxb5 26. Nc2 d3 27. Qf2 Re2 28. Qd4 dxc2 29. Qf4 c1Q+ 30. Qxc1 Nxc1 31. h3 Nd3 32. Kh2 Qe7 33. Kg1 Qe5 34. g3 Qxg3+ 35. Kh1 Qe1# 0-1

[Event "GER-ch U25 op-B"]
[Site "Willingen"]
[Date "2015.05.29"]
[Round "8"]
[White "Prudlik, Finn Olmse"]
[Black "Jacoby, Angelina"]
[Result "0-1"]
[WhiteElo "948"]
[BlackElo "886"]
[PlyCount "157"]
[EventDate "2015.05.24"]
[EventType "swiss"]
[EventRounds "9"]
[EventCountry "GER"]
[SourceTitle "CBM 166 Extra"]
[Source "ChessBase"]
[SourceDate "2015.06.18"]
[SourceVersion "1"]
[SourceVersionDate "2015.06.18"]
[SourceQuality "1"]

1. e4 e5 2. Nf3 Nc6 3. Bc4 Bc5 4. b4 Bd4 5. c3 Bb6 6. d4 d6 7. d5 Nce7 8. 0-0 Nf6 9. Nbd2 Ng6 10. Re1 Nh5 11. Bb5+ Bd7 12. Bxd7+ Qxd7 13. a4 a6 14. Nf1 Ngf4 15. Ng3 Nxg3 16. hxg3 Nh5 17. Ng5 Nxg3 18. Qf3 h6 19. Nh3 g5 20. Qxg3 g4 21. a5 Ba7 22. Nf4 exf4 23. Qxf4 h5 24. e5 0-0-0 25. exd6 Qxd6 26. Qxf7 Qxd5 27. Qg7 Qf5 28. Be3 Bxe3 29. fxe3 Rhe8 30. Rf1 Qe4 31. Rae1 Rd2 32. Rf2 Rd3 33. Rf7 Qc6 34. Qh7 Rdxe3 35. Rxe3 Rxe3 36. Qf5+ Kb8 37. Qg5 Re2 38. Qd8+ Ka7 39. Qd4+ Kb8 40. Rf8+ Re8 41. Rf6 Qa4 42. Kh2 Qa2 43. Qd7 Qe2 44. Rf7 Rc8 45. Re7 Qf2 46. c4 Qf4+ 47. g3 Qf2+ 48. Kh1 Qxg3 49. b5 Qf2 50. bxa6 bxa6 51. Rf7 Qe2 52. c5 g3 53. Qh3 Qd2 54. Qxg3 Qd5+ 55. Rf3 Qxc5 56. Rb3+ Ka7 57. Qg2 Rb8 58. Rd3 Qxa5 59. Rd7 Rb1+ 60. Kh2 Qe5+ 61. Qg3 Qxg3+ 62. Kxg3 a5 63. Rxc7+ Rb7 64. Rc5 Ka6 65. Rxh5 a4 66. Kf3 a3 67. Kf2 a2 68. Rh1 Rb1 69. Rh6+ Ka5 70. Rh5+ Ka4 71. Rh4+ Ka3 72. Rh3+ Kb2 73. Kf3 a1Q 74. Rh2+ Ka3 75. Rh8 Qxh8 76. Ke3 Rb4 77. Kf3 Qc3+ 78. Kg2 Rb2+ 79. Kg1 0-1

[Event "GER-ch U25 op-B"]
[Site "Willingen"]
[Date "2015.05.28"]
[Round "7"]
[White "Raasch, Hauke"]
[Black "Prudlik, Finn Olmse"]
[Result "1/2-1/2"]
[WhiteElo "1107"]
[BlackElo "948"]
[PlyCount "69"]
[EventDate "2015.05.24"]
[EventType "swiss"]
[EventRounds "9"]
[EventCountry "GER"]
[SourceTitle "CBM 166 Extra"]
[Source "ChessBase"]
[SourceDate "2015.06.18"]
[SourceVersion "1"]
[SourceVersionDate "2015.06.18"]
[SourceQuality "1"]

1. d4 c5 2. c3 cxd4 3. cxd4 Nf6 4. Nf3 g6 5. e3 Bg7 6. Bd3 d5 7. Nbd2 Bf5 8. Bxf5 gxf5 9. 0-0 0-0 10. Ne5 Nc6 11. f4 Nxe5 12. fxe5 Ne4 13. Rxf5 Qc8 14. Rf1 Ng5 15. Nf3 Ne6 16. Nd2 Bh6 17. Qg4+ Bg7 18. e4 Nxd4 19. Qxc8 Raxc8 20. exd5 Bxe5 21. Nf3 Nxf3+ 22. Rxf3 e6 23. Bh6 Rfe8 24. dxe6 fxe6 25. Re1 Bxb2 26. Rg3+ Kh8 27. Rb3 Bd4+ 28. Be3 Bxe3+ 29. Rexe3 Rf8 30. Rb1 Rfe8 31. Rh3 b6 32. Rbb3 Rc2 33. Ra3 Rg8 34. g4 Rd8 35. Kf1 1/2-1/2

[Event "GER-ch U25 op-B"]
[Site "Willingen"]
[Date "2015.05.26"]
[Round "5"]
[White "Roessl, Mira"]
[Black "Prudlik, Finn Olmse"]
[Result "0-1"]
[WhiteElo "721"]
[BlackElo "948"]
[PlyCount "52"]
[EventDate "2015.05.24"]
[EventType "swiss"]
[EventRounds "9"]
[EventCountry "GER"]
[SourceTitle "CBM 166 Extra"]
[Source "ChessBase"]
[SourceDate "2015.06.18"]
[SourceVersion "1"]
[SourceVersionDate "2015.06.18"]
[SourceQuality "1"]

1. e4 e5 2. Nf3 Nc6 3. Bc4 Nf6 4. d3 Be7 5. 0-0 0-0 6. Bg5 d5 7. Nc3 dxc4 8. dxc4 Nd4 9. Nxe5 Ne6 10. Qe1 Nxg5 11. Qe3 Ne6 12. Rad1 Nd7 13. Rfe1 Qe8 14. Qh3 Nxe5 15. Re3 Nd4 16. Qh5 Nxc4 17. Rh3 Bxh3 18. Qxh3 Rd8 19. Nd5 c6 20. Rxd4 cxd5 21. exd5 Nb6 22. Rd3 Rxd5 23. c4 Rxd3 24. Qxd3 Bf6 25. b4 Na4 26. Qd5 Qe1# 0-1